000 00464nam a2200181Ia 4500
001 8553
005 20260306160618.0
008 260306t2011||||xx |||||||||||||| ||spa||
041 _aESP
082 _a371.1024
_bE84
100 _aEspot, María Rosa
_eAUT
245 0 _aLa autoridad del profesor:
_bqué es la autoridad y cómo se adquiere
260 _c2011
300 _a267 páginas :
_c24 cm.
650 _aGEN
654 _aCED
942 _cLIB
_dJUS
_fJUS
_2ddc
_n
999 _c8553
_d8553